000 01613nam a2200457 c 4500
001 24127
003 ES-MaCES
005 20141221122904.0
008 111125s2011 sp d t 010 | spa d
017 _aM 26063-2011
_bDL
020 _a9788496889897
035 _aCES20110009470m
040 _aES-MaCES
_bspa
_cES-MaCES
245 0 0 _aHacia un cambio de modelo productivo
_ccoord., José María Zufiaur Narvaiza ; autores, Christophe Degryse ... [et al.]
250 _a1ª ed
260 _aMadrid
_bFundación Francisco Largo Caballero
_bCinca
_c2011
300 _a317 p.
_bgráf. col.
_c24 cm
490 0 _aColección estudios laborales
_v9
504 _aBibliografía
541 _cGratuito
650 4 _acrisis económica
_927102
650 4 _areestructuración industrial
_930021
650 4 _amodelo de crecimiento
_927077
650 4 _adesarrollo sostenible
_930785
650 4 _apolítica industrial
_927627
650 4 _ainvestigación y desarrollo
_928273
650 4 _apolítica educativa
_927373
650 4 _aempleo precario
_930171
650 4 _aEstado-Benefactor
_929481
650 4 _areforma de la seguridad social
_930668
650 4 _areforma tributaria
_928091
650 4 _aEspaña
_926964
653 1 0 _aCondiciones económicas
700 1 _aDegryse, Christophe
_910466
700 1 _aZufiaur Narvaiza, José María
_ecol.
_926615
710 2 _aFundación Francisco Largo Caballero
_eed.
_93826
830 0 _aColección Estudios laborales (Ediciones Cinca)
_v9
_934069
902 _aLIB Libro
942 _2CES
_cBK
_h0.0.
999 _c24127
_d24127